000 00613nam a2200193Ia 4500
008 131103s9999 xx 000 0 und d
040 _aLoreto College
041 _aEnglish
082 _a551.404/DAV
_bLCLIB(Press)/18554
100 _aDavis, William Morris
245 _aGeographical essays
_cWilliam Morris Davis; edited by Douglas Wilson Johnson
260 _aNew York
_bDover
_c1910
300 _aiv,777p.
_b ill.,chart,map
_c 21cm.
504 _aIncludes bibliographical references & index
650 _aGeography
700 _aJohnson, Douglas Wilson; ed.
850 _aLCLIB/551.404/DAV
942 _cBK
999 _c24842
_d75321